Amidino phenyl thiourea as a secondary accelerator for the vulcanisation of natural rubber-polychloroprene blends (Record no. 54075)

MARC details
000 -LEADER
fixed length control field 00627nam a2200205Ia 4500
100 ## - MAIN ENTRY--AUTHOR NAME
Personal name Susamma A P
245 #0 - TITLE STATEMENT
Title Amidino phenyl thiourea as a secondary accelerator for the vulcanisation of natural rubber-polychloroprene blends
260 ## - PUBLICATION, DISTRIBUTION, ETC. (IMPRINT)
Name of publisher Journal of Rubber Research
Year of publication 2008
300 ## - PHYSICAL DESCRIPTION
Number of Pages 111-123
520 ## - SUMMARY, ETC.
Summary, etc DL
650 ## - SUBJECT ADDED ENTRY--TOPICAL TERM
Topical Term Amino phenyl thiourea
650 ## - SUBJECT ADDED ENTRY--TOPICAL TERM
Topical Term Blend vulcanisation
650 ## - SUBJECT ADDED ENTRY--TOPICAL TERM
Topical Term Polychloroprene rubber
650 ## - SUBJECT ADDED ENTRY--TOPICAL TERM
Topical Term Secondary accelerator
650 ## - SUBJECT ADDED ENTRY--TOPICAL TERM
Topical Term Unfilled and filled systems
700 ## - ADDED ENTRY--PERSONAL NAME
Personal name Kuriakose A P
700 ## - ADDED ENTRY--PERSONAL NAME
Personal name Mini A M
942 ## - ADDED ENTRY ELEMENTS (KOHA)
Koha item type Journals
Holdings
Withdrawn status Lost status Damaged status Not for loan Home library Current library Shelving location Date acquired Serial Enumeration / chronology Koha item type
      Journals RRII Library RRII Library Rubber technology 03/11/2008 Volume 11, Issue 2 Journals